| 000 | 00434pab a2200169 454500 | ||
|---|---|---|---|
| 008 | 180718b2013 xxu||||| |||| 00| 0 eng d | ||
| 100 | _aChakravorty, Sanjay | ||
| 245 | _aA new price regime: Land markets in urban and rural India | ||
| 260 | _c2013 | ||
| 300 | _ap.45-54. | ||
| 362 | _a27 Apr | ||
| 650 | _aLang value - India | ||
| 650 | _aLand value | ||
| 773 | _aEconomic and Political Weekly | ||
| 908 | _aN | ||
| 909 | _a99349 | ||
| 999 |
_c99348 _d99348 |
||